Größte griechische Inseln - Statistiken

Allgemein
  • Dieses Quiz wurde 105 mal gespielt
  • Das Durchschnittsergebnis liegt bei 6 aus 20
Antwortstatistiken
Fläche (km²) Insel % Korrekt
8,336 Kreta | Κρήτη
97%
1,401 Rhodos | Ρόδος
82%
290.3 Kos | Κως
75%
592.9 Korfu | Κέρκυρα
61%
1,633 Lesbos | Λέσβος
59%
429.8 Naxos | Νάξος
37%
406 Zakynthos | Ζάκυνθος
35%
477,4 Samos | Σάμος
33%
3,670 Euböa | Εύβοια
30%
781 Kefalonia | Κεφαλονιά
25%
195 Paros | Πάρος
20%
477.6 Limnos | Λήμνος
18%
842.3 Chios | Χίος
17%
380.1 Thassos | Θάσος
17%
300 Karpathos | Κάρπαθος
12%
380 Andros | Άνδρος
9%
303 Lefkada | Λευκάδα
9%
279.6 Kythira | Κύθηρα
2%
255 Icaria | Ικαρία
1%
209 Skyros | Σκύρος
1%
Keine übereinstimmenden Quizze gefunden
Verteilung der Resultate
Anzahl Personen mit jedem Resultat
Perzentil nach korrekt beantworteten Fragen
Ihre Resultats-Entwicklung
Sie haben dieses Quiz noch nicht gespielt